Arsenal Fifa 16 Ratings - Statistics

General Stats
  • This quiz has been taken 1,267 times
  • The average score is 30 of 30
Answer Stats
Hint Answer % Correct
Calum Chambers 72
100%
Hector Bellerín 74
100%
Joel Campbell 76
100%
Mathieu Flamini 76
100%
Gabriel de Abreu 78
100%
Francis Coquelin 78
100%
Alexander Oxlade-Chamberlain 79
100%
Danny Welbeck 79
100%
Kieran Gibbs 80
100%
Mathieu Debuchy 80
100%
Nacho Monreal 80
100%
Tomas Rosicky 80
100%
Theo Walcott 81
100%
Mikel Arteta 81
100%
Jack Wilshere 81
100%
Aaron Ramsey 82
100%
Olivier Giroud 82
100%
Laurent Koscielny 83
100%
Per Mertesacker 83
100%
Santiago Cazorla 85
100%
Petr Čech 85
100%
Alexis Sánchez 86
100%
Mesut Özil 87
100%
Jeffery Reine-Adelaïde 62
99%
Glen Kamara 51
98%
Stefan O'Connor 52
98%
Alexander Iwobi 55
98%
Julio Pleguzuelo 58
98%
Tafari Moore 59
98%
Krystian Bielik 61
98%
No matching quizzes found
Score Distribution
Percent of People with Each Score
Percentile by Number Answered
Your Score History
You have not taken this quiz